Statistics for F.R.I.E.N.D.S Backstory quiz

Click here to take the quiz!

General Stats

  • This quiz has been taken 367 times
  • The average score is 11 of 16

Answer Stats

QuestionAnswer% Correct
Who was Monica's first kiss (known as her 'Midnight mystery kiss')?Ross
97%
Who was the first person in the group to kiss Rachel?Chandler
96%
Which member of the group had plastic surgery to fix their abnormally large nose?Rachel
96%
Who had an imaginary friend who worked as a space cowboy?Joey
95%
How many siblings does Phoebe have?2
94%
Who mugged Ross when he was a kid?Phoebe
94%
How old was Chandler when he first touched a pair of Breasts?19
92%
Who hated Chandler before he moved in across the hall?Monica
89%
What was Central Perk before it was a coffee shop?A Bar
83%
What was Monica's LaCrosse nickname?Big Fat Goalie
80%
What is Chandlers middle name?Muriel
80%
What childhood toy was on top with of the coveted Geller Cup?A Troll Doll
64%
Who is Joey's 'favourite' sister?Dina
54%
And what comic book did they steal from him?The Adventures of Science-Man
11%
What did Chandler aspire to be in 'The one that could have been: Parts 1 & 2?A comedian
9%
And finally, what is Chandlers Job title?I.T Procurement manager in charge of Strategic Analysis and Data reconfiguration
7%

Score Distribution

Percentile by Number Answered

Percent of People with Each Score

Your Score History

You have not taken this quiz